[Event "Budapest FS02 IM"]
[Site "Budapest"]
[Date "2020.02.10"]
[Round "8"]
[White "Farkas, Tibor"]
[Black "Friberg, Hans"]
[Result "1-0"]
[WhiteElo "2276"]
[BlackElo "2142"]
[PlyCount "119"]
[EventDate "2020.02.01"]
[EventType "tourn"]
[EventRounds "9"]
[EventCountry "HUN"]
[EventCategory "1"]
[SourceTitle "CBM 194 Extra"]
[Source "ChessBase"]
[SourceDate "2020.03.31"]
[SourceVersion "1"]
[SourceVersionDate "2020.03.31"]
[SourceQuality "1"]

1. e4 Nf6 2. e5 Nd5 3. d4 d6 4. c4 Nb6 5. exd6 exd6 6. Nc3 Nc6 7. d5 Qe7+ 8. Be2 Ne5 9. Be3 Bd7 10. b3 f5 11. Qd2 g6 12. h3 Bg7 13. f4 Nf7 14. Nf3 0-0 15. Rc1 Rfe8 16. Kf2 c5 17. dxc6 bxc6 18. Rhe1 Bc8 19. Bf1 Qd7 20. Bd4 Bb7 21. Bxg7 Kxg7 22. Rcd1 Rxe1 23. Nxe1 Qe7 24. g3 Nd7 25. Bg2 Nf6 26. Nc2 Re8 27. Re1 Qd7 28. Rxe8 Qxe8 29. Qe3 Qxe3+ 30. Kxe3 Nd8 31. Bf3 Kf7 32. b4 Ke6 33. g4 fxg4 34. hxg4 c5 35. b5 h5 36. gxh5 gxh5 37. a4 Bxf3 38. Kxf3 Nb7 39. Ne3 Na5 40. Kg3 Ng4 41. f5+ Kf6 42. Nxg4+ hxg4 43. Kxg4 Nxc4 44. Kf4 Ke7 45. Ke4 Kd7 46. Nd5 Na5 47. Ne3 Nb3 48. Kd5 Nd4 49. Kc4 Kc7 50. a5 a6 51. bxa6 Kb8 52. Kd5 Nxf5 53. Nxf5 Ka7 54. Nxd6 Kxa6 55. Nc4 Kb5 56. Kd6 Kxc4 57. a6 Kb4 58. a7 c4 59. a8Q c3 60. Qa2 1-0

[Event "Budapest FS02 IM"]
[Site "Budapest"]
[Date "2020.02.08"]
[Round "7"]
[White "Vatsal, Singhania"]
[Black "Friberg, Hans"]
[Result "1-0"]
[WhiteElo "2230"]
[BlackElo "2142"]
[PlyCount "47"]
[EventDate "2020.02.01"]
[EventType "tourn"]
[EventRounds "9"]
[EventCountry "HUN"]
[EventCategory "1"]
[SourceTitle "CBM 194 Extra"]
[Source "ChessBase"]
[SourceDate "2020.03.31"]
[SourceVersion "1"]
[SourceVersionDate "2020.03.31"]
[SourceQuality "1"]

1. e4 Nf6 2. e5 Nd5 3. d4 d6 4. Nf3 g6 5. Bc4 c6 6. exd6 Qxd6 7. 0-0 Bg7 8. Nc3 Nxc3 9. bxc3 Be6 10. Bxe6 Qxe6 11. Re1 Qc4 12. Ba3 e6 13. Rb1 b6 14. Rb3 Nd7 15. Nd2 Qd5 16. c4 Qh5 17. Qxh5 gxh5 18. Ne4 Bxd4 19. Nd6+ Kf8 20. Rf3 f6 21. Rxe6 c5 22. Bc1 h6 23. Bf4 Rh7 24. c3 1-0

[Event "Budapest FS02 IM"]
[Site "Budapest"]
[Date "2020.02.04"]
[Round "4"]
[White "Friberg, Hans"]
[Black "Gaal, Zsoka"]
[Result "1-0"]
[WhiteElo "2142"]
[BlackElo "2096"]
[PlyCount "59"]
[EventDate "2020.02.01"]
[EventType "tourn"]
[EventRounds "9"]
[EventCountry "HUN"]
[EventCategory "1"]
[SourceTitle "CBM 194 Extra"]
[Source "ChessBase"]
[SourceDate "2020.03.31"]
[SourceVersion "1"]
[SourceVersionDate "2020.03.31"]
[SourceQuality "1"]

1. Nf3 d5 2. c4 e6 3. d4 Nf6 4. g3 Bb4+ 5. Bd2 Be7 6. Bg2 c6 7. b3 Nbd7 8. Nc3 b6 9. cxd5 cxd5 10. 0-0 0-0 11. Bf4 Ba6 12. a4 Rc8 13. Nb5 Ne4 14. Rc1 Bxb5 15. axb5 Ndf6 16. Ne5 Bd6 17. f3 Nc3 18. Qd3 Na2 19. Rxc8 Qxc8 20. Nc6 Qd7 21. Qd2 Bxf4 22. gxf4 Qd6 23. Ra1 Nc3 24. Qxc3 Qxf4 25. Qc1 Qh4 26. Rxa7 Nh5 27. e3 g5 28. Ra1 Ng7 29. Qe1 Qh5 30. e4 1-0

[Event "Lidkoping op"]
[Site "Lidkoping"]
[Date "2019.08.24"]
[Round "2"]
[White "Staunsbjerg, Valdemar A"]
[Black "Friberg, Hans"]
[Result "1/2-1/2"]
[WhiteElo "1832"]
[BlackElo "2129"]
[PlyCount "79"]
[EventDate "2019.08.24"]
[EventType "swiss"]
[EventRounds "7"]
[EventCountry "SWE"]
[SourceTitle "EXT 2020"]
[Source "ChessBase"]
[SourceDate "2019.10.17"]
[SourceVersion "1"]
[SourceVersionDate "2019.10.17"]
[SourceQuality "1"]

1. d4 e6 2. e4 d5 3. Nd2 Nf6 4. e5 Nfd7 5. Bd3 c5 6. c3 Nc6 7. Ne2 Be7 8. 0-0 Qb6 9. Nf3 0-0 10. a3 f6 11. exf6 Bxf6 12. Nf4 Nd8 13. Qc2 g6 14. Re1 Rf7 15. dxc5 Nxc5 16. Bxg6 hxg6 17. Qxg6+ Bg7 18. Ng5 Rf6 19. Qh7+ Kf8 20. Ng6+ Rxg6 21. Qxg6 e5 22. Qc2 Nf7 23. Nxf7 Kxf7 24. Be3 Qd6 25. Rad1 Be6 26. h3 Rg8 27. b4 Nd7 28. Qe2 b6 29. Bg5 e4 30. Qh5+ Kf8 31. Rxe4 Nf6 32. Bxf6 Bxf6 33. Qh6+ Kf7 34. Rf4 Rg6 35. Qh7+ Rg7 36. Qh5+ Ke7 37. Qh6 Qe5 38. Rf3 Bg5 39. Qh8 Bf6 40. Qa8 1/2-1/2

[Event "Lund CellaVision Cup"]
[Site "Lund"]
[Date "2015.08.08"]
[Round "5"]
[White "Brynell, Stellan"]
[Black "Friberg, Hans"]
[Result "1-0"]
[WhiteElo "2436"]
[BlackElo "2192"]
[PlyCount "85"]
[EventDate "2015.08.07"]
[EventType "swiss"]
[EventRounds "8"]
[EventCountry "SWE"]
[SourceTitle "CBM 167 Extra"]
[Source "ChessBase"]
[SourceDate "2015.09.14"]
[SourceVersion "1"]
[SourceVersionDate "2015.09.14"]
[SourceQuality "1"]

1. d4 d5 2. c4 e6 3. Nf3 Nf6 4. Nc3 Be7 5. Bg5 h6 6. Bh4 0-0 7. e3 b6 8. Bd3 Bb7 9. 0-0 dxc4 10. Bxc4 Ne4 11. Nxe4 Bxe4 12. Bg3 Nd7 13. Qe2 Bd6 14. Rac1 Bxg3 15. hxg3 c5 16. Rfd1 Qe7 17. Bb5 Rad8 18. Bxd7 Bxf3 19. gxf3 Rxd7 20. dxc5 Rxd1+ 21. Qxd1 bxc5 22. b3 Rc8 23. Kg2 Qc7 24. Rc4 a5 25. Qc2 Qb6 26. a3 Qb5 27. b4 axb4 28. axb4 Rb8 29. bxc5 Qc6 30. Qc3 Rc8 31. Rg4 g6 32. Rc4 Rc7 33. Qf6 Rc8 34. Rf4 Rf8 35. Qe7 Kg7 36. g4 g5 37. Qf6+ Kh7 38. Rc4 Qd5 39. Rc1 Qd8 40. Qe5 Qd5 41. Qxd5 exd5 42. Rd1 Rd8 43. Rd4 1-0

[Event "SWE-chT 0809"]
[Site "Sweden"]
[Date "2008.12.07"]
[Round "5"]
[White "Bjarnehag, Peter"]
[Black "Friberg, Hans"]
[Result "1/2-1/2"]
[WhiteElo "2187"]
[BlackElo "2280"]
[PlyCount "114"]
[EventDate "2008.10.25"]
[EventType "team-tourn"]
[EventRounds "11"]
[EventCountry "SWE"]
[SourceTitle "EXT 2011"]
[Source "ChessBase"]
[SourceDate "2010.11.26"]
[SourceVersion "1"]
[SourceVersionDate "2010.11.26"]
[SourceQuality "1"]

1. Nf3 Nf6 2. c4 g6 3. d4 Bg7 4. g3 0-0 5. Bg2 d6 6. Nc3 c5 7. 0-0 cxd4 8. Nxd4 Nc6 9. Nxc6 bxc6 10. Qa4 Bd7 11. Bxc6 Bxc6 12. Qxc6 Qc8 13. Qa4 Qh3 14. f3 Rfc8 15. Bd2 Nh5 16. Rf2 Qe6 17. b3 Bd4 18. e3 Bxe3 19. Bxe3 Qxe3 20. Nd5 Qe5 21. Raf1 Ng7 22. Qa5 Rc5 23. Qd2 Nf5 24. Re1 Qg7 25. Nxe7+ Nxe7 26. Rxe7 Qf6 27. Rd7 Rc6 28. Qd5 Rac8 29. Rd2 Ra6 30. Qb7 Rcc6 31. Kg2 Kg7 32. Qa8 Qe6 33. Rd8 Kh6 34. Rg8 Qe7 35. h4 Rc5 36. Qf8+ Qxf8 37. Rxf8 Kg7 38. Rd8 Rcc6 39. g4 Ra3 40. g5 Rca6 41. Kg3 Rxa2 42. Rxa2 Rxa2 43. Rxd6 Rb2 44. Rd3 Kf8 45. Rd8+ Ke7 46. Rb8 a5 47. Rb5 f6 48. Rb7+ Kf8 49. gxf6 a4 50. b4 a3 51. b5 Rb4 52. Ra7 Rxc4 53. Rxa3 Rb4 54. Ra7 Rxb5 55. Rxh7 Rb6 56. f7 Rb4 57. f4 Ra4 1/2-1/2

[Event "SWE-chT 0809"]
[Site "Sweden"]
[Date "2008.12.05"]
[Round "3"]
[White "Norberg, Erik"]
[Black "Friberg, Hans"]
[Result "0-1"]
[WhiteElo "2289"]
[BlackElo "2280"]
[PlyCount "60"]
[EventDate "2008.10.25"]
[EventType "team-tourn"]
[EventRounds "11"]
[EventCountry "SWE"]
[SourceTitle "EXT 2011"]
[Source "ChessBase"]
[SourceDate "2010.11.26"]
[SourceVersion "1"]
[SourceVersionDate "2010.11.26"]
[SourceQuality "1"]

1. c4 e6 2. g3 d5 3. Bg2 Nf6 4. Nf3 c5 5. 0-0 Nc6 6. cxd5 exd5 7. d4 Be7 8. Nc3 0-0 9. Bg5 cxd4 10. Nxd4 h6 11. Bf4 Bg4 12. h3 Be6 13. Qd2 Rc8 14. Rfd1 Nxd4 15. Qxd4 Bc5 16. Qe5 Re8 17. Bc1 Bxh3 18. Qf4 Bxg2 19. Kxg2 d4 20. Na4 Rxe2 21. Nxc5 Rxc5 22. Rxd4 Rd5 23. Be3 Rxb2 24. Rc4 Rd3 25. Bxa7 Qa8 26. Qb8+ Qxb8 27. Bxb8 Rdd2 28. Rf1 Rxa2 29. Rc8+ Kh7 30. Rc7 Ng4 0-1

[Event "SWE-chT 0708"]
[Site "Sweden"]
[Date "2008.03.08"]
[Round "10"]
[White "Lindberg, Henrik"]
[Black "Friberg, Hans"]
[Result "1-0"]
[WhiteElo "2289"]
[BlackElo "2285"]
[PlyCount "56"]
[EventDate "2007.10.19"]
[EventType "team"]
[EventRounds "11"]
[EventCountry "SWE"]
[SourceTitle "EXT 2009"]
[Source "ChessBase"]
[SourceDate "2008.11.26"]
[SourceVersion "1"]
[SourceVersionDate "2008.11.26"]
[SourceQuality "1"]
[WhiteTeam "Upsala"]
[BlackTeam "Skara"]
[WhiteTeamCountry "SWE"]
[BlackTeamCountry "SWE"]

1. e4 e6 2. d4 d5 3. Nc3 Bb4 4. e5 Ne7 5. Nf3 c5 6. dxc5 Nbc6 7. Bd3 d4 8. a3 dxc3 9. axb4 cxb2 10. Bxb2 Nxb4 11. Be4 Qxd1+ 12. Kxd1 0-0 13. Nd2 Rd8 14. Kc1 Nbc6 15. Nc4 Bd7 16. Rd1 Be8 17. Rxd8 Rxd8 18. Nd6 Rb8 19. Ra3 Kf8 20. f4 h5 21. g3 g6 22. h3 Bd7 23. g4 hxg4 24. hxg4 b6 25. cxb6 axb6 26. Rh3 Kg7 27. f5 Nd5 28. Bxd5 exd5 1-0

[Event "SWE-chT 0708"]
[Site "Sweden"]
[Date "2008.02.02"]
[Round "7"]
[White "Friberg, Hans"]
[Black "Haggstrom, Olle"]
[Result "1/2-1/2"]
[WhiteElo "2285"]
[BlackElo "2239"]
[PlyCount "63"]
[EventDate "2007.10.19"]
[EventType "team"]
[EventRounds "11"]
[EventCountry "SWE"]
[SourceTitle "EXT 2009"]
[Source "ChessBase"]
[SourceDate "2008.11.26"]
[SourceVersion "1"]
[SourceVersionDate "2008.11.26"]
[SourceQuality "1"]
[WhiteTeam "Skara"]
[BlackTeam "Kamraterna"]
[WhiteTeamCountry "SWE"]
[BlackTeamCountry "SWE"]

1. Nf3 Nf6 2. c4 c6 3. d4 d5 4. Nc3 e6 5. Bg5 Nbd7 6. cxd5 exd5 7. Qc2 Be7 8. e3 0-0 9. Bd3 Re8 10. 0-0 Nf8 11. h3 g6 12. Bxf6 Bxf6 13. b4 a6 14. a4 Be6 15. Rab1 Nd7 16. Rfc1 Rc8 17. Ne2 Nf8 18. Qb3 Be7 19. Nf4 Bd6 20. Nxe6 Nxe6 21. b5 axb5 22. axb5 c5 23. dxc5 Nxc5 24. Qd1 Bb8 25. Bf1 Qd6 26. Rb2 Ne4 27. Rxc8 Rxc8 28. Rc2 Rxc2 29. Qxc2 Qc5 30. Qxc5 Nxc5 31. Be2 Kf8 32. Nd2 1/2-1/2

[Event "SWE-chT 0607"]
[Site "Sweden"]
[Date "2006.11.19"]
[Round "5"]
[White "Lund, Silas Esben"]
[Black "Friberg, Hans"]
[Result "1-0"]
[WhiteElo "2353"]
[BlackElo "2256"]
[PlyCount "63"]
[EventDate "2006.10.20"]
[EventType "team"]
[EventRounds "11"]
[EventCountry "SWE"]
[SourceTitle "EXT 2009"]
[Source "ChessBase"]
[SourceDate "2008.11.26"]
[SourceVersion "1"]
[SourceVersionDate "2008.11.26"]
[SourceQuality "1"]
[WhiteTeam "Lund"]
[BlackTeam "Skara"]
[WhiteTeamCountry "SWE"]
[BlackTeamCountry "SWE"]

1. d4 Nf6 2. c4 g6 3. Nc3 Bg7 4. e4 d6 5. Be2 0-0 6. Nf3 e5 7. 0-0 Nc6 8. d5 Ne7 9. Ne1 Ne8 10. Nd3 f5 11. Bd2 Nf6 12. f3 f4 13. c5 g5 14. Rc1 Rf7 15. cxd6 cxd6 16. Nb5 Ng6 17. Qc2 Ne8 18. a4 h5 19. Nf2 Bd7 20. h3 Bf8 21. a5 Nh4 22. Qb3 Rg7 23. Be1 a6 24. Na3 Nf6 25. Qd1 g4 26. fxg4 hxg4 27. hxg4 Nxg2 28. Kxg2 Nxg4 29. Nxg4 Bxg4 30. Bxg4 Qg5 31. Rg1 f3+ 32. Kf1 1-0

[Event "SWE-chT 0607"]
[Site "Sweden"]
[Date "2006.10.21"]
[Round "2"]
[White "Hedman, Erik"]
[Black "Friberg, Hans"]
[Result "0-1"]
[WhiteElo "2410"]
[BlackElo "2256"]
[PlyCount "62"]
[EventDate "2006.10.20"]
[EventType "team"]
[EventRounds "11"]
[EventCountry "SWE"]
[SourceTitle "EXT 2009"]
[Source "ChessBase"]
[SourceDate "2008.11.26"]
[SourceVersion "1"]
[SourceVersionDate "2008.11.26"]
[SourceQuality "1"]
[WhiteTeam "Stockholm Rockaden"]
[BlackTeam "Skara"]
[WhiteTeamCountry "SWE"]
[BlackTeamCountry "SWE"]

1. e4 e6 2. d4 d5 3. Nd2 Nf6 4. e5 Nfd7 5. Ngf3 c5 6. c3 Nc6 7. Bd3 Be7 8. 0-0 g5 9. dxc5 Nxc5 10. Nb3 Nxd3 11. Qxd3 g4 12. Nfd4 Nxe5 13. Qe2 Ng6 14. f4 gxf3 15. Qxf3 f6 16. Bh6 Rg8 17. Rad1 Qb6 18. a4 Bd7 19. Be3 Qa6 20. Nb5 Qxa4 21. Nc7+ Kd8 22. Nc5 Bxc5 23. Nxe6+ Bxe6 24. Qxf6+ Kd7 25. Bxc5 Qc6 26. Ba3 Rae8 27. c4 Qxc4 28. Rc1 Qh4 29. Qf3 Ne5 30. Qe2 Nc4 31. Kh1 Bh3 0-1

[Event "SWE-chT 0506"]
[Site "Sweden"]
[Date "2006.??.??"]
[Round "9"]
[White "Couso, Luis"]
[Black "Friberg, Hans"]
[Result "1/2-1/2"]
[WhiteElo "2357"]
[BlackElo "2254"]
[PlyCount "34"]
[EventDate "2005.10.??"]
[EventType "team"]
[EventRounds "11"]
[EventCountry "SWE"]
[SourceTitle "EXT 2008"]
[Source "ChessBase"]
[SourceDate "2007.11.25"]
[SourceVersion "1"]
[SourceVersionDate "2007.11.25"]
[SourceQuality "1"]
[WhiteTeam "Sollentuna"]
[BlackTeam "Skara"]
[WhiteTeamCountry "SWE"]
[BlackTeamCountry "SWE"]

1. e4 e6 2. d4 d5 3. e5 c5 4. c3 Nc6 5. Be3 Nge7 6. Bd3 Nf5 7. Bxf5 exf5 8. Ne2 Be6 9. h4 Qb6 10. Qd2 Rc8 11. 0-0 c4 12. Na3 Bxa3 13. bxa3 Qd8 14. Bg5 Qa5 15. Rab1 h6 16. Be3 Qd8 17. h5 Rc7 1/2-1/2

[Event "SWE-chT 0506"]
[Site "Sweden"]
[Date "2006.??.??"]
[Round "10"]
[White "Friberg, Hans"]
[Black "Hedman, Erik"]
[Result "0-1"]
[WhiteElo "2254"]
[BlackElo "2429"]
[PlyCount "78"]
[EventDate "2005.10.??"]
[EventType "team"]
[EventRounds "11"]
[EventCountry "SWE"]
[SourceTitle "EXT 2008"]
[Source "ChessBase"]
[SourceDate "2007.11.25"]
[SourceVersion "1"]
[SourceVersionDate "2007.11.25"]
[SourceQuality "1"]
[WhiteTeam "Skara"]
[BlackTeam "Stockholm Rockaden"]
[WhiteTeamCountry "SWE"]
[BlackTeamCountry "SWE"]

1. Nf3 b6 2. d4 Bb7 3. c4 e6 4. Nc3 Bb4 5. Qc2 f5 6. Bg5 Nf6 7. a3 Bxc3+ 8. Qxc3 0-0 9. Rd1 Ne4 10. Bxd8 Nxc3 11. Rd3 Na4 12. Bxc7 Nxb2 13. Rc3 Rc8 14. Bxb8 Raxb8 15. e3 Ba6 16. c5 Bxf1 17. Rxf1 bxc5 18. Kd2 c4 19. Ne5 d6 20. Nd7 Rb7 21. Rb1 Rcc7 22. Kc2 Nd3 23. Rxb7 Rxb7 24. Rxc4 Nxf2 25. Rc8+ Kf7 26. Nb8 Ng4 27. Nc6 Nxe3+ 28. Kd2 Nc4+ 29. Kc3 Nb6 30. Nd8+ Ke7 31. Nxb7 Nxc8 32. Kb4 g5 33. Kb5 Kd7 34. Na5 f4 35. Ka6 Kc7 36. Nc4 g4 37. Nd2 d5 38. a4 Nb6 39. Kb5 Nc4 0-1

[Event "Hallstahammar op"]
[Site "Hallstahammar"]
[Date "2004.09.10"]
[Round "3"]
[White "Friberg, Hans"]
[Black "Eriksson, Johan"]
[Result "1/2-1/2"]
[WhiteElo "2198"]
[BlackElo "2449"]
[PlyCount "73"]
[EventDate "2004.09.10"]
[EventType "swiss"]
[EventRounds "8"]
[EventCountry "SWE"]
[SourceTitle "EXT 2005"]
[Source "ChessBase"]
[SourceDate "2004.11.15"]
[SourceVersion "1"]
[SourceVersionDate "2004.11.15"]
[SourceQuality "1"]

1. Nf3 Nf6 2. c4 g6 3. Nc3 Bg7 4. e4 d6 5. d4 0-0 6. Be2 e5 7. 0-0 Nc6 8. d5 Ne7 9. b4 Nh5 10. Re1 f5 11. Ng5 Nf6 12. Bf3 c6 13. Bb2 h6 14. Ne6 Bxe6 15. dxe6 fxe4 16. Nxe4 Nxe4 17. Rxe4 d5 18. cxd5 cxd5 19. Rxe5 Bxe5 20. Bxe5 Qb6 21. Bb2 Qxb4 22. Qe2 Qf4 23. Rd1 Rac8 24. h4 Rc4 25. Rxd5 Nxd5 26. Bxd5 Rc1+ 27. Bxc1 Qxc1+ 28. Kh2 Qc7+ 29. g3 Qe7 30. Kg2 Kg7 31. Qe5+ Rf6 32. g4 Kh7 33. f3 b5 34. Bb3 a6 35. Qd5 Kg7 36. Qe5 Kh7 37. Qd5 1/2-1/2

[Event "SWE-chT 0405"]
[Site "Sweden"]
[Date "2004.??.??"]
[Round "4"]
[White "Nilsson, Fredrik"]
[Black "Friberg, Hans"]
[Result "0-1"]
[WhiteElo "1712"]
[BlackElo "2198"]
[PlyCount "72"]
[EventDate "2004.11.05"]
[EventType "team"]
[EventRounds "11"]
[EventCountry "SWE"]
[SourceTitle "EXT 2006"]
[Source "ChessBase"]
[SourceDate "2005.11.24"]
[SourceVersion "1"]
[SourceVersionDate "2005.11.24"]
[SourceQuality "1"]
[WhiteTeam "Astorp"]
[BlackTeam "Skara"]
[WhiteTeamCountry "SWE"]
[BlackTeamCountry "SWE"]

1. d4 Nf6 2. c4 g6 3. g3 Bg7 4. Bg2 0-0 5. Nc3 d6 6. Nf3 c5 7. 0-0 cxd4 8. Nxd4 Nc6 9. Nxc6 bxc6 10. Bxc6 Rb8 11. Rb1 Bh3 12. Re1 Ng4 13. Nd5 Ne5 14. Qa4 Bf5 15. Ra1 Nxc6 16. Qxc6 Bd7 17. Qa6 e6 18. Ne3 Qc7 19. Rb1 Bc6 20. Qa3 Be4 21. Ra1 Bd4 22. Rd1 Qb6 23. Ng4 f5 24. Be3 e5 25. Nh6+ Kg7 26. Rxd4 exd4 27. Bc1 g5 28. f3 Kxh6 29. fxe4 fxe4 30. e3 Rf3 31. Bd2 dxe3 32. Bc3 e2+ 33. Kg2 Rf2+ 34. Kh3 g4+ 35. Kxg4 Rg8+ 36. Kh3 Rxh2+ 0-1

[Event "SWE-chT 0304"]
[Site "Sweden"]
[Date "2004.??.??"]
[Round "6"]
[White "Nygren, Kim"]
[Black "Friberg, Hans"]
[Result "0-1"]
[WhiteElo "2301"]
[BlackElo "2211"]
[PlyCount "108"]
[EventDate "2003.10.??"]
[EventType "team"]
[EventRounds "11"]
[EventCountry "SWE"]
[SourceTitle "EXT 2005"]
[Source "ChessBase"]
[SourceDate "2004.11.15"]
[SourceVersion "1"]
[SourceVersionDate "2004.11.15"]
[SourceQuality "1"]
[WhiteTeam "Manhem"]
[BlackTeam "Skara"]
[WhiteTeamCountry "SWE"]
[BlackTeamCountry "SWE"]

1. e4 e6 2. d4 d5 3. Nc3 Nf6 4. Bg5 dxe4 5. Nxe4 Be7 6. Bxf6 gxf6 7. Nf3 a6 8. g3 f5 9. Nc3 Bf6 10. Qd3 c5 11. dxc5 Qa5 12. Bg2 Qxc5 13. 0-0 0-0 14. Rad1 b5 15. Qd2 Ra7 16. Qh6 Bg7 17. Qh4 Nc6 18. Ne2 Ne7 19. Nf4 Ng6 20. Nxg6 fxg6 21. c3 Bf6 22. Qh6 e5 23. Rfe1 Re7 24. Ng5 e4 25. Nh3 Be6 26. a3 Bb3 27. Rd2 Rfe8 28. Re3 a5 29. Bf1 Rb7 30. Nf4 Qe7 31. Nxg6 hxg6 32. Qxg6+ Bg7 33. Qxf5 Qe6 34. Qxe6+ Rxe6 35. Bh3 Ree7 36. Rd8+ Kf7 37. Bf5 Bf6 38. Ra8 Bd5 39. Rxa5 Bg5 40. Re1 Kf6 41. Bh3 Bd2 42. Re2 e3 43. Bg2 Bc4 44. Bxb7 Bxe2 45. Ba8 Bc4 46. fxe3 Bxe3+ 47. Kg2 Bb6 48. Ra6 Re6 49. Bf3 Rd6 50. g4 Kg5 51. a4 Kf4 52. Bb7 Rd2+ 53. Kh1 Rd1+ 54. Kg2 Bf1+ 0-1

[Event "Rilton Cup 33rd"]
[Site "Stockholm"]
[Date "2003.12.31"]
[Round "5"]
[White "Larsson, Victor"]
[Black "Friberg, Hans"]
[Result "1/2-1/2"]
[WhiteElo "2116"]
[BlackElo "2243"]
[PlyCount "151"]
[EventDate "2003.12.27"]
[EventType "swiss"]
[EventRounds "9"]
[EventCountry "SWE"]
[SourceTitle "CBM 097 Extra"]
[Source "ChessBase"]
[SourceDate "2004.01.13"]
[SourceVersion "1"]
[SourceVersionDate "2004.01.13"]
[SourceQuality "1"]

1. e4 e6 2. d4 d5 3. Nc3 Nf6 4. Bg5 dxe4 5. Nxe4 Be7 6. Ng3 a6 7. Nf3 c5 8. dxc5 Qa5+ 9. Qd2 Qxd2+ 10. Nxd2 Bxc5 11. 0-0-0 Be7 12. Be2 Bd7 13. Bxf6 gxf6 14. Nc4 b5 15. Nd6+ Bxd6 16. Rxd6 Ke7 17. Rhd1 Bc6 18. R6d4 Ra7 19. c4 Rc8 20. c5 Rd7 21. b4 Rxd4 22. Rxd4 Bxg2 23. Rh4 Nc6 24. a4 a5 25. axb5 Nxb4 26. c6 f5 27. f3 Nd5 28. Ra4 Nc3 29. Rxa5 f4 30. Ra7+ Kd6 31. Kd2 fxg3 32. hxg3 Nxe2 33. Kxe2 Rc7 34. Ra6 Re7 35. Kf2 Bh3 36. Ra1 Bf5 37. Rc1 Kc7 38. Ke3 e5 39. g4 Bc8 40. Ke4 Kb6 41. Rb1 f6 42. Kd5 e4 43. fxe4 Re5+ 44. Kd4 Bxg4 45. Rf1 Re6 46. Kd5 Re5+ 47. Kd4 Rxb5 48. Rxf6 h5 49. Rh6 Kc7 50. e5 Rb1 51. Rf6 Rb5 52. Rh6 Be2 53. Rf6 Ra5 54. Rh6 Bf3 55. Ke3 Bd1 56. Kd4 Bg4 57. Rf6 h4 58. Rh6 h3 59. Ke4 Ra3 60. Kd5 Rd3+ 61. Kc5 Rc3+ 62. Kd5 Rd3+ 63. Kc5 Bf5 64. Rh5 Rf3 65. Kd5 Rd3+ 66. Kc5 Bg6 67. Rh6 Rg3 68. Kd5 Bf7+ 69. e6 Rg5+ 70. Kd4 Be8 71. Rxh3 Bxc6 72. Rh6 Ba4 73. Rh7+ Kd6 74. e7 Be8 75. Kd3 Kd5 76. Rh8 1/2-1/2

[Event "Rilton Cup 33rd"]
[Site "Stockholm"]
[Date "2003.12.30"]
[Round "4"]
[White "Friberg, Hans"]
[Black "Kulagin, Maxim"]
[Result "1-0"]
[WhiteElo "2243"]
[BlackElo "2056"]
[PlyCount "93"]
[EventDate "2003.12.27"]
[EventType "swiss"]
[EventRounds "9"]
[EventCountry "SWE"]
[SourceTitle "CBM 097 Extra"]
[Source "ChessBase"]
[SourceDate "2004.01.13"]
[SourceVersion "1"]
[SourceVersionDate "2004.01.13"]
[SourceQuality "1"]

1. Nf3 Nf6 2. c4 e6 3. Nc3 Bb4 4. Qc2 b6 5. a3 Bxc3 6. Qxc3 Bb7 7. b4 0-0 8. Bb2 d6 9. e3 Nbd7 10. Be2 c5 11. 0-0 Qe7 12. b5 e5 13. Rae1 Ne4 14. Qc2 Ng5 15. Qf5 Nxf3+ 16. Bxf3 e4 17. Be2 g6 18. Qh3 Ne5 19. f4 exf3 20. gxf3 Qg5+ 21. Kf2 Bc8 22. Qg3 Qxg3+ 23. hxg3 Be6 24. Rc1 Rac8 25. Rh1 f6 26. Rh4 h5 27. d3 Kg7 28. Rch1 Rh8 29. e4 Rh7 30. g4 Rch8 31. gxh5 Rxh5 32. Rxh5 Rxh5 33. Rxh5 gxh5 34. f4 Ng4+ 35. Kg3 Bd7 36. Kh4 Kh6 37. a4 Bc8 38. Bc3 Bd7 39. a5 Bc8 40. a6 Bd7 41. Bf3 Kg6 42. Be1 Kh6 43. e5 dxe5 44. Ba5 exf4 45. Bxb6 Ne5 46. Bxh5 f3 47. Bxc5 1-0

[Event "SWE-chT 0203"]
[Site "Sweden"]
[Date "2003.03.16"]
[Round "11"]
[White "Nordlund, Fredrik"]
[Black "Friberg, Hans"]
[Result "0-1"]
[WhiteElo "2180"]
[BlackElo "2265"]
[PlyCount "122"]
[EventDate "2002.10.11"]
[EventType "team"]
[EventRounds "11"]
[EventCountry "SWE"]
[SourceTitle "EXT 2004"]
[Source "ChessBase"]
[SourceDate "2003.11.25"]
[SourceVersion "1"]
[SourceVersionDate "2003.11.25"]
[SourceQuality "1"]
[WhiteTeam "Wasa"]
[BlackTeam "Skara"]
[WhiteTeamCountry "SWE"]
[BlackTeamCountry "SWE"]

1. c4 e6 2. Nf3 d5 3. e3 Nf6 4. b3 Be7 5. Be2 0-0 6. 0-0 b6 7. Bb2 Bb7 8. Qc2 c5 9. d3 Nc6 10. cxd5 Nxd5 11. a3 Bf6 12. Nbd2 Bxb2 13. Qxb2 Qf6 14. Rfb1 Nc3 15. Ne4 Nxe4 16. dxe4 Qxb2 17. Rxb2 Rfd8 18. b4 cxb4 19. axb4 Rd7 20. Bb5 Rc7 21. Rc2 Rcc8 22. Rb2 Kf8 23. Kf1 a6 24. Bd3 b5 25. Ke2 Ke7 26. Ra3 g6 27. Nd2 Ne5 28. f3 Rc1 29. Rb1 Rac8 30. Rab3 R1c7 31. R1b2 Rd7 32. Rc2 Rxd3 33. Rxc8 Rxd2+ 34. Kxd2 Bxc8 35. Kc3 f6 36. h4 Kd6 37. Rb1 Nc6 38. Rd1+ Kc7 39. Rh1 Kb6 40. Rd1 a5 41. bxa5+ Kxa5 42. h5 b4+ 43. Kc4 Kb6 44. hxg6 hxg6 45. Rd6 Ba6+ 46. Kb3 Kc5 47. Rd7 Bc4+ 48. Kb2 Ne5 49. Rg7 g5 50. f4 gxf4 51. exf4 Nd3+ 52. Kb1 Nxf4 53. Rf7 Bd3+ 54. Ka1 Nxg2 55. Rxf6 e5 56. Re6 Kd4 57. Rb6 Kc3 58. Rb8 Ne3 59. Re8 Nc4 60. Rb8 Bxe4 61. Rb5 Bd3 0-1